[Event "Olympiad-44"]
[Site "Chennai"]
[Date "2022.08.07"]
[Round "9.1"]
[White "Prudente, Elmer"]
[Black "Roose, Alexander"]
[Result "1/2-1/2"]
[WhiteElo "1995"]
[BlackElo "1888"]
[PlyCount "100"]
[EventDate "2022.07.29"]
[EventType "team-swiss"]
[EventRounds "11"]
[EventCountry "IND"]
[SourceTitle "CBM 210"]
[Source "ChessBase"]
[SourceDate "2022.10.31"]
[SourceVersion "1"]
[SourceVersionDate "2022.10.31"]
[SourceQuality "1"]
[WhiteTeam "Guam"]
[BlackTeam "Netherlands Antilles"]
[WhiteTeamCountry "GMA"]
[BlackTeamCountry "AHO"]

1. e4 c5 2. Nf3 Nc6 3. d4 cxd4 4. Nxd4 e5 5. Nb3 Nf6 6. Nc3 Bb4 7. Bg5 h6 8. Bxf6 Qxf6 9. a3 Bxc3+ 10. bxc3 0-0 11. Qd2 d6 12. Bc4 Be6 13. Bd5 Rfd8 14. 0-0 Rac8 15. c4 Bxd5 16. cxd5 Nb8 17. Qd3 Na6 18. Rab1 Qe7 19. Rfc1 Rd7 20. Nd2 Rdc7 21. c4 Nc5 22. Qe3 Qd7 23. Rb4 b6 24. h3 Na6 25. Rbb1 Nc5 26. Kf1 Na6 27. Qb3 Nc5 28. Qe3 Na6 29. Rc2 Nc5 30. Rcb2 Na6 31. Rb5 Nc5 32. Ke2 Na4 33. Qb3 Nc5 34. Qc2 Qe7 35. Qc3 Na4 36. Qe3 Nc5 37. R5b4 Na6 38. Rb5 Nc5 39. Ra1 Na4 40. Rb4 Nc5 41. a4 Nb7 42. Kd3 Na5 43. Rc1 Qd7 44. Qf3 Nb7 45. Qd1 Nc5+ 46. Ke3 Na6 47. Rb5 Nc5 48. Ra1 Nb7 49. Qg4 Qxg4 50. hxg4 Na5 1/2-1/2

[Event "Olympiad-44"]
[Site "Chennai"]
[Date "2022.08.06"]
[Round "8.1"]
[White "Prudente, Elmer"]
[Black "Amba, Oyon Marius Claude"]
[Result "1-0"]
[WhiteElo "1995"]
[BlackElo "1938"]
[PlyCount "79"]
[EventDate "2022.07.29"]
[EventType "team-swiss"]
[EventRounds "11"]
[EventCountry "IND"]
[SourceTitle "CBM 210"]
[Source "ChessBase"]
[SourceDate "2022.10.31"]
[SourceVersion "1"]
[SourceVersionDate "2022.10.31"]
[SourceQuality "1"]
[WhiteTeam "Guam"]
[BlackTeam "Cameroon"]
[WhiteTeamCountry "GMA"]
[BlackTeamCountry "CAM"]

1. e4 c5 2. Nf3 e6 3. d4 cxd4 4. Nxd4 a6 5. c4 Qc7 6. Nc3 Nf6 7. a3 Be7 8. Be2 Nc6 9. Be3 b6 10. 0-0 h5 11. h3 Bb7 12. Qc2 Rc8 13. Rac1 Qb8 14. Nxc6 Bxc6 15. Qd3 h4 16. b4 Ba8 17. Rfd1 Rd8 18. Qd4 e5 19. Qxb6 Qxb6 20. Bxb6 Rb8 21. Bc7 Rc8 22. Bxe5 0-0 23. Bxf6 Bxf6 24. Rxd7 Bxc3 25. Rxc3 Bxe4 26. Ra7 Rc6 27. c5 Rg6 28. f3 Bf5 29. Bxa6 Bxh3 30. Rc2 Bf5 31. Rd2 Re8 32. Bc4 Rf6 33. Kf2 Bg6 34. b5 h3 35. gxh3 Bh5 36. Rd3 Re4 37. Bd5 Re8 38. b6 Rd8 39. Bxf7+ Bxf7 40. Rxd8+ 1-0

[Event "Olympiad-44"]
[Site "Chennai"]
[Date "2022.07.31"]
[Round "3.1"]
[White "Mbongeni, Mabuza"]
[Black "Prudente, Elmer"]
[Result "0-1"]
[WhiteElo "1669"]
[BlackElo "1995"]
[PlyCount "126"]
[EventDate "2022.07.29"]
[EventType "team-swiss"]
[EventRounds "11"]
[EventCountry "IND"]
[SourceTitle "CBM 210"]
[Source "ChessBase"]
[SourceDate "2022.10.31"]
[SourceVersion "1"]
[SourceVersionDate "2022.10.31"]
[SourceQuality "1"]
[WhiteTeam "Eswatini"]
[BlackTeam "Guam"]
[WhiteTeamCountry "SWA"]
[BlackTeamCountry "GMA"]

1. d4 g6 2. Nf3 Nf6 3. g3 Bg7 4. Bg2 0-0 5. 0-0 d5 6. b3 Ne4 7. Bb2 c5 8. e3 Nc6 9. Nbd2 Bg4 10. h3 Bf5 11. c3 cxd4 12. cxd4 Nxd2 13. Qxd2 Qd7 14. Kh2 Rfc8 15. Rac1 Be4 16. Rfd1 Qd6 17. a3 Rc7 18. Ne5 Bxg2 19. Kxg2 Rac8 20. Nd3 b6 21. b4 e6 22. Nf4 a5 23. Nd3 Bf8 24. Rc3 axb4 25. axb4 Na7 26. Rdc1 Nb5 27. Rxc7 Rxc7 28. Rc2 Rc4 29. Rc1 Qc7 30. Qd1 Rxc1 31. Qxc1 Qc4 32. Qd2 f6 33. f3 Bd6 34. Kf2 Qc7 35. f4 Qc4 36. Kf3 h5 37. h4 Kf7 38. Kf2 Be7 39. Kg2 Nd6 40. Nf2 Nc8 41. Bc3 Na7 42. Qb2 Nc6 43. g4 hxg4 44. Nxg4 Bxb4 45. Bxb4 Nxb4 46. Qa3 Qa2+ 47. Qxa2 Nxa2 48. Kf2 Nc3 49. Ke1 Ne4 50. Nh2 Kg7 51. Ke2 Ng3+ 52. Kd3 Kh6 53. Ng4+ Kg7 54. Kc3 Nf5 55. Kb4 Nxh4 56. Kb5 Ng2 57. Kxb6 f5 58. Nf2 Nxe3 59. Kc6 Nc2 60. Kd6 Kf6 61. Nh3 Nxd4 62. Ng5 Ne2 63. Nxe6 d4 0-1

[Event "Online Olym Div4 A"]
[Site "Chess.com INT"]
[Date "2021.08.22"]
[Round "11.2"]
[White "Prudente, Elmer"]
[Black "Jaiswal, Rupesh"]
[Result "0-1"]
[WhiteElo "1998"]
[BlackElo "2102"]
[PlyCount "92"]
[EventDate "2021.08.20"]
[EventType "team (rapid)"]
[EventRounds "11"]
[EventCountry "USA"]
[SourceTitle "CBM 203 Extra"]
[Source "ChessBase"]
[SourceDate "2021.09.30"]
[SourceVersion "1"]
[SourceVersionDate "2021.09.30"]
[SourceQuality "1"]
[WhiteTeam "Guam"]
[BlackTeam "Nepal"]
[WhiteTeamCountry "GMA"]
[BlackTeamCountry "NEP"]

1. e4 c5 2. Nf3 d6 3. d4 cxd4 4. Nxd4 Nf6 5. Nc3 a6 6. Be3 e5 7. Nb3 Be7 8. Be2 h5 9. h3 Be6 10. 0-0 Nbd7 11. Nd5 Nxd5 12. exd5 Bf5 13. c4 Rc8 14. Rc1 h4 15. Qd2 b6 16. f4 Bg6 17. f5 Bh5 18. Bxh5 Rxh5 19. Qe2 Rh8 20. Nd2 Bg5 21. Ne4 Bxe3+ 22. Qxe3 Nf6 23. Nf2 a5 24. Rc3 Rh5 25. Ng4 Ke7 26. b3 Qc7 27. Kh1 Nxd5 28. cxd5 Qxc3 29. Qxb6 Qc5 30. Qb7+ Qc7 31. Qb5 f6 32. Ne3 Qc5 33. Qe2 Rg5 34. Qf2 Rg3 35. Nc4 Qxf2 36. Rxf2 a4 37. Nb6 Rc1+ 38. Kh2 axb3 39. axb3 Rxb3 40. Na4 Ra1 41. Nb2 Ra2 42. Nd1 Rxf2 43. Nxf2 Rb2 44. Ng4 Rd2 45. Ne3 Rd3 46. Nc4 Rxd5 0-1

[Event "Oceania Hybrid 3.6 zt"]
[Site "AuNix INT"]
[Date "2021.03.28"]
[Round "7"]
[White "Prudente, Elmer"]
[Black "Salvadora, Angelo"]
[Result "1-0"]
[WhiteElo "1991"]
[BlackElo "1730"]
[PlyCount "75"]
[EventDate "2021.03.20"]
[EventType "tourn"]
[EventRounds "7"]
[EventCountry "NET"]
[SourceTitle "CBM 201 Extra"]
[Source "ChessBase"]
[SourceDate "2021.05.31"]
[SourceVersion "1"]
[SourceVersionDate "2021.05.31"]
[SourceQuality "1"]

1. Nf3 d5 2. g3 Nf6 3. Bg2 b6 4. c4 Bb7 5. cxd5 Nxd5 6. Nc3 e6 7. 0-0 Be7 8. d3 0-0 9. Bd2 Nd7 10. Rc1 a6 11. Re1 c5 12. e4 Nb4 13. Be3 e5 14. a3 Nc6 15. Qb3 Nd4 16. Bxd4 exd4 17. Nd5 Bxd5 18. Qxd5 Qc7 19. e5 Rad8 20. Qxd4 f6 21. Qc4+ Kh8 22. e6 Ne5 23. Nxe5 fxe5 24. b4 b5 25. Qc3 c4 26. dxc4 bxc4 27. Qxe5 Qb6 28. Qe3 Qb5 29. Qa7 Qg5 30. Rxc4 Rd6 31. h4 Qd2 32. Rce4 Bf6 33. Qf7 Be7 34. R4e2 Rxf7 35. Rxd2 Rxd2 36. exf7 Rd7 37. Rxe7 Rd1+ 38. Kh2 1-0

[Event "Oceania zt"]
[Site "Tumon"]
[Date "2019.02.20"]
[Round "5"]
[White "Prudente, Elmer"]
[Black "Duneas, John"]
[Result "0-1"]
[WhiteElo "2015"]
[BlackElo "2086"]
[PlyCount "110"]
[EventDate "2019.02.18"]
[EventType "swiss"]
[EventRounds "9"]
[EventCountry "GMA"]
[SourceTitle "CBM 189 Extra"]
[Source "ChessBase"]
[SourceDate "2019.06.03"]
[SourceVersion "1"]
[SourceVersionDate "2019.06.03"]
[SourceQuality "1"]

1. e4 e6 2. d4 d5 3. exd5 exd5 4. c3 Bd6 5. Bd3 Nf6 6. Nf3 0-0 7. 0-0 Bg4 8. Bg5 Nbd7 9. Nbd2 c5 10. h3 Bh5 11. Bf5 Qb6 12. dxc5 Bxc5 13. Nb3 Ne4 14. Bxe4 dxe4 15. Qxd7 exf3 16. g4 Bg6 17. Nxc5 Qxc5 18. Be7 Qc8 19. Rad1 Re8 20. Rfe1 h5 21. Re3 hxg4 22. hxg4 Qc4 23. b3 Qa6 24. Rd2 Rac8 25. Rxf3 Be4 26. Re3 Qg6 27. f3 Bc6 28. Qd4 Bxf3 29. Rxf3 Rxe7 30. Qd8+ Rxd8 31. Rxd8+ Kh7 32. Rh3+ Qh6 33. Rxh6+ Kxh6 34. Kf2 Kg5 35. Kf3 g6 36. c4 b6 37. a4 a5 38. Rb8 Re6 39. c5 bxc5 40. Rb5 Re5 41. Rxa5 Rd5 42. b4 Rd3+ 43. Ke2 Rb3 44. Rxc5+ Kxg4 45. b5 f5 46. a5 f4 47. a6 Rb2+ 48. Kd3 Ra2 49. Rc3 g5 50. Rc1 f3 51. Ke3 f2 52. Rb1 Kg3 53. b6 Rxa6 54. b7 Re6+ 55. Kd3 Re8 0-1